| 000 | 00519nam a2200181Ia 4500 | ||
|---|---|---|---|
| 999 |
_c20158 _d20158 |
||
| 003 | OSt | ||
| 005 | 20200131094706.0 | ||
| 008 | 190216s9999||||xx |||||||||||||| ||und|| | ||
| 020 | _a8120709349 | ||
| 040 | _coclc | ||
| 082 |
_a320 _bJOH/P |
||
| 100 |
_aJohari, J C _91674 |
||
| 245 | 0 |
_aPrinciples Of Modern Political Science / _cJ C Johari |
|
| 260 |
_bSterling Publications, _c1989. _aNew Delhi: |
||
| 300 | _a856p | ||
| 650 | _aPolitical Science | ||
| 942 |
_cBK _2ddc _h320 _iJOH/P _k320 _mJOH/P |
||